Le Francais Et La Vie 1 (Record no. 354350)

MARC details
000 -LEADER
fixed length control field 00366nam a2200145Ia 4500
008 - FIXED-LENGTH DATA ELEMENTS--GENERAL INFORMATION
fixed length control field 230719s9999 xx 000 0 und d
041 ## - LANGUAGE CODE
Language code of text/sound track or separate title eng
082 ## - DEWEY DECIMAL CLASSIFICATION NUMBER
Classification number 440
Item number MAU
100 ## - MAIN ENTRY--PERSONAL NAME
Personal name Mauger G.
9 (RLIN) 203824
245 ## - TITLE STATEMENT
Title Le Francais Et La Vie 1
260 ## - PUBLICATION, DISTRIBUTION, ETC. (IMPRINT)
Date of publication, distribution, etc. 1971
Name of publisher, distributor, etc. Hachette
300 ## - PHYSICAL DESCRIPTION
Extent 249
365 ## - TRADE PRICE
Currency code Rs.
Price amount 288.00
700 ## - ADDED ENTRY--PERSONAL NAME
Personal name Mauger G.; Geyer J.C. & Okun D.A.
9 (RLIN) 203825
Holdings
Withdrawn status Lost status Damaged status Not for loan Home library Current library Shelving location Date acquired Vendor Cost, normal purchase price Full call number Barcode Date last seen Cost, replacement price Bill Date Koha item type Original Barcode
        Cummins College of Engineering for Women Pune Cummins College of Engineering for Women Pune Donated Book 10/02/2016 Masurkar Enterprises 288.00 440 CCEP-DB-555 19/07/2023 288.00 19/07/2023 Books D00555